01083cam a2200289 i 4500001000700000003000900007005001700016008004100033020002200074040001800096080002100114100004100135245010900176250002800285260003300313300003400346490001900380500001300399655003000412700004300442830002700485852008200512903004000594942001800634999001900652952012200671192172ES-MaACL20240528062745.0221107s2018 sp r 000 0 spa d a978-84-948518-7-2 bspacES-MaACL a821-134.2-14"19"1 aPrieto, José María.9137530eaut10aAdiós a las cartas : bhomenaje póstumo / cJosé M. Prieto ; [prólogo, Celso Redero San Román] aPrimera edición, 2018 aMadrid : bVitrubio, c2018. a123 páginas ; c15 x 21 cm.1 aPoesía tatoo aÍndice 7aPoesías2tgfbne91765391 9234952aRedero San Román, Celsoeaui1 aPoesía tatoo92261054 aES-MaACLjN-8121bR. 152283cDEPOJhDonación: José María Prieto9199454 9137530aPrieto, José Maríaednr cMONOGRAFIAn0 c192172d192172 00102udc4070aATENEOMbATENEOMcDEPOJd2022-11-07eDONACIONl0oN-8121p101206420r2023-02-23 00:00:00yMONOGRAFIA